000 00627nam a2200205Ia 4500
003 GCL
008 140319s9999 xx 000 0 ara d
040 _aGCL /
_cGCL
082 0 4 _a616.8914
_bع ط
100 1 _aعبدالرؤوف ثابت
245 1 0 _aالطب النفسى المبسط /
_cعبدالرؤوف ثابت
260 _a[S.N] :
_bالهيئة المصرية العامة للكتاب ،
_c1987
300 _a453 ص
490 _a
650 0 4 _aالتحليل النفسى
650 0 4 _aالشخصية
650 0 4 _aالطب النفسى
650 0 4 _aعلم النفس العلاجى
942 _2ddc
_cBK
999 _c27592
_d27592